| 000 | 00463cam a2200157 a 4500 | ||
|---|---|---|---|
| 020 | _a0072336846 (recycled, acidfree paper) | ||
| 040 | _cDLC | ||
| 082 | 0 | 0 | _a520 MCG 2001 A029 Or. |
| 100 | 1 | _aFix, John D. | |
| 245 | 1 | 0 |
_aAstronomy : _bjourney to the cosmic frontier / |
| 250 | _a2nd ed. updated | ||
| 260 |
_aBoston : _bMcGraw Hill, _cc2001. |
||
| 300 |
_a1 v. (various pagings) : _bill. (some col.), col. maps ; _c29 cm. |
||
| 650 | 0 | _aAstronomy. | |
| 942 | _cEK | ||
| 999 |
_c11641 _d11641 |
||